Variable costs (Record no. 6528)

MARC details
000 -LEADER
fixed length control field 00951cab a2200265 4500
001 - CONTROL NUMBER
control field ABS54442
008 - FIXED-LENGTH DATA ELEMENTS--GENERAL INFORMATION
fixed length control field 090401t1996 xxu||||| |||| 00| 0 eng d
035 ## - SYSTEM CONTROL NUMBER
System control number (Sirsi) u10364
041 ## - LANGUAGE CODE
Language code of text/sound track or separate title eng
100 ## - MAIN ENTRY--PERSONAL NAME
Personal name Britt, C.
245 ## - TITLE STATEMENT
Title Variable costs
260 ## - PUBLICATION, DISTRIBUTION, ETC.
Date of publication, distribution, etc. 1996
350 ## - PRICE (NR) (BK AM CF MU VM SE) [OBSOLETE]
Price 0
490 ## - SERIES STATEMENT
Series statement Farmers' Weekly
Volume/sequential designation 124(1) 5 January 1996, 50-51
490 ## - SERIES STATEMENT
Series statement Forestry & British Timber
Volume/sequential designation 25(2) February 1996, 41(3)
520 ## - SUMMARY, ETC.
Summary, etc. Reviews an ADAS / Forestry Commission survey which claims that farmers planting trees on their land for the first time are being hampered by a lack of written literature and widely varying costs. A detailed survey of establishment costs was carried out on 23 sites. Tables.
650 ## - SUBJECT ADDED ENTRY--TOPICAL TERM
Topical term or geographic name entry element ESTABLISHMENT COSTS
650 ## - SUBJECT ADDED ENTRY--TOPICAL TERM
Topical term or geographic name entry element FARM WOODLAND PREMIUM SCHEME
650 ## - SUBJECT ADDED ENTRY--TOPICAL TERM
Topical term or geographic name entry element FARM WOODLANDS
650 ## - SUBJECT ADDED ENTRY--TOPICAL TERM
Topical term or geographic name entry element FORESTRY COMMISSION
650 ## - SUBJECT ADDED ENTRY--TOPICAL TERM
Topical term or geographic name entry element PLANTING COSTS
690 ## - LOCAL SUBJECT ADDED ENTRY--TOPICAL TERM (OCLC, RLIN)
Topical term or geographic name as entry element RURAL PRACTICE
942 ## - ADDED ENTRY ELEMENTS (KOHA)
Suppress in OPAC 0
948 ## - LOCAL PROCESSING INFORMATION (OCLC); SERIES PART DESIGNATOR (RLIN)
c (OCLC) 04/03/1997
Holdings
Withdrawn status Lost status Source of classification or shelving scheme Damaged status Not for loan Home library Current library Shelving location Date acquired Total Checkouts Full call number Barcode Date last seen Copy number Price effective from Koha item type
    Dewey Decimal Classification     London London Journal article 14/09/1999   ABS54442 10364-1001 06/08/2019 1 06/08/2019 Journal article